| 000 | 00850nam a2200253 i 4500 | ||
|---|---|---|---|
| 001 | 190427 | ||
| 003 | ES-MaACL | ||
| 005 | 20250907063139.0 | ||
| 008 | 210326s2017 sp 001 p spa d | ||
| 020 | _a978-84-946932-1-2 | ||
| 080 | _a821.134.2-14"19" | ||
| 100 | 1 |
_aGarcía, José Ángel, _d1948- _9149461 |
|
| 245 | 1 | 0 |
_aNadie sabe qué Roma te atrapará / _cJosé Ángel García. |
| 250 | _a1ª ed. | ||
| 260 |
_aMadrid : _bVitruvio, _c2017. |
||
| 300 |
_a46 p. ; _c24 cm. |
||
| 490 | 1 |
_aColección Baños del Carmen ; _v640 |
|
| 830 | 1 |
_aColección Baños del Carmen _v640 _9183030 |
|
| 852 | 4 |
_aES-MaACL _jA-14627 _9197604 _bR.152003 _cDEPO1 _dOlim: N-7627 _hDonación: José Lazaro |
|
| 903 |
_9234219 _aLázaro García, José _ednr |
||
| 942 |
_2udc _cMONOGRAFIA |
||
| 999 |
_c190427 _d190427 |
||